[Event "Indywidualne Mistrzostwa Polski Juniorow - C18"]
[Site "Szczyrk"]
[Date "2013-03-17"]
[Round "1.1"]
[White "Suliborski, Jakub"]
[Black "Licznerski, Lukasz"]
[Result "1-0"]
[WhiteTitle "I++"]
[BlackTitle "FM"]
[WhiteElo "1996"]
[BlackElo "2331"]

1. e4 c6 2. d4 d5 3. f3 e6 4. Nc3 Bb4 5. Bf4 Nf6 6. Qd3 b6 7. Nge2 Ba6 8. Qe3 O-O
9. O-O-O Be7 10. g4 c5 11. exd5 Nxd5 12. Nxd5 exd5 13. Ng3 Bxf1 14. Rhxf1 Re8
15. Rfe1 Nc6 16. Nf5 Qd7 17. Qd2 c4 18. Rxe7 Rxe7 19. Nxg7 f6 20. Nh5 Re6 21.
Bh6 Qe7 22. Nf4 Rd6 23. Re1 Qf7 24. Qe3 Rdd8 25. Nh5 Rd6 26. Qf4 Re6 27. Rxe6
Qxe6 28. Nxf6+ Kh8 29. Kd2 c3+ 30. bxc3 Na5 31. Qg5 Nc4+ 32. Kd1 Qe7 33. Qxd5
Rc8 34. Ne4 Qh4 1-0

[Event "Indywidualne Mistrzostwa Polski Juniorow - C18"]
[Site "Szczyrk"]
[Date "2013-03-17"]
[Round "1.2"]
[White "Nasuta, Grzegorz"]
[Black "Budzinski, Jan"]
[Result "1/2-1/2"]
[WhiteTitle "k"]
[BlackTitle "I+"]
[WhiteElo "2295"]
[BlackElo "1984"]

1. e4 e6 2. d4 d5 3. Nc3 dxe4 4. Nxe4 Nd7 5. Bd3 Ngf6 6. Qe2 Be7 7. Nf3 Nxe4 8.
Bxe4 c5 9. Be3 Nf6 10. Bd3 O-O 11. dxc5 Nd5 12. O-O Qc7 13. Bd4 Bxc5 14. Be5 Qe7
15. Qe4 g6 16. Bc4 b6 17. Bxd5 exd5 18. Qf4 f6 19. Bd4 Qe4 20. Qxe4 dxe4 21. Bxc5
bxc5 22. Nd2 Rb8 23. b3 f5 24. Rad1 Ba6 25. c4 Rbd8 26. Nb1 Bb7 27. Nc3 Bc6 28.
Rfe1 Kf7 29. Kf1 g5 30. Rxd8 Rxd8 31. Rd1 Rxd1+ 32. Nxd1 Ke6 33. Ke2 f4 34. Nc3
a6 35. Kd2 Ke5 36. Ne2 f3 37. gxf3 exf3 38. Ng3 Kf4 39. Nh5+ Kf5 40. Ke3 g4 41.
Nf4 Be4 1/2-1/2

[Event "Indywidualne Mistrzostwa Polski Juniorow - C18"]
[Site "Szczyrk"]
[Date "2013-03-17"]
[Round "1.3"]
[White "Chmiel, Marcin"]
[Black "Musialkiewicz, Jan"]
[Result "0-1"]
[WhiteTitle "I+"]
[BlackTitle "k+"]
[WhiteElo "1978"]
[BlackElo "2243"]

1. e4 c5 2. Nf3 e6 3. d4 cxd4 4. Nxd4 Nf6 5. Nc3 d6 6. Be2 a6 7. a4 Be7 8. O-O
O-O 9. f4 Qc7 10. Kh1 Nc6 11. Be3 Re8 12. Bd3 Nxd4 13. Bxd4 e5 14. fxe5 dxe5 15.
Be3 Be6 16. Bg5 Ng4 17. Nd5 Bxd5 18. exd5 h5 19. Bxe7 Qxe7 20. h3 Ne3 21. Qxh5
g6 22. Qh6 Nxf1 23. Rxf1 Rad8 24. Be4 Rd6 25. g4 Rf6 26. Rd1 Qb4 27. Qe3 Qxb2
28. d6 Qb4 29. c3 Qxa4 30. Qd3 Rxd6 31. Qxd6 Qxe4+ 32. Kh2 Qe2+ 33. Kg3 Qe3+ 34.
Kh4 Kg7 0-1

[Event "Indywidualne Mistrzostwa Polski Juniorow - C18"]
[Site "Szczyrk"]
[Date "2013-03-17"]
[Round "1.4"]
[White "Lewtak, Damian"]
[Black "Zareba, Grzegorz"]
[Result "1-0"]
[WhiteTitle "m"]
[BlackTitle "I"]
[WhiteElo "2224"]
[BlackElo "1968"]

1. d4 f5 2. Nc3 Nf6 3. Bg5 e6 4. e4 fxe4 5. Nxe4 Be7 6. Bxf6 Bxf6 7. Qh5+ g6 8.
Qh6 d5 9. Nxf6+ Qxf6 10. Nf3 a6 11. h4 Nc6 12. O-O-O Bd7 13. Qg5 Rf8 14. Bd3 O-O-O
15. Rd2 Qh8 16. c3 Rde8 17. Re1 Rf6 18. Ne5 Nxe5 19. Qxe5 Ref8 20. f3 Qg8 21.
Qg3 Qg7 22. Re5 Qh6 23. Qg5 Qxg5 24. Rxg5 Be8 25. Rd1 Rf4 26. Rh1 Kd7 27. Kd2
Kd6 28. Ke3 c5 29. Be2 h6 30. Rg3 cxd4+ 31. cxd4 e5 32. dxe5+ Kxe5 33. Rgh3 Bd7
34. R3h2 Rb4 35. b3 Bf5 36. Rc1 d4+ 37. Kd2 d3 38. Bf1 h5 39. g3 Rd8 40. Ke3 Kd5
41. Rc3 Re8+ 42. Kd2 b5 43. Bxd3 Rd4 44. Kc2 b4 45. Bxf5 bxc3 46. Be4+ Kc5 47.
Kxc3 Re6 48. Rg2 Rdd6 49. g4 hxg4 50. Rxg4 Kb6 51. a4 Rf6 52. Kc4 Rf7 53. b4 Rc7+
54. Kb3 Rf7 55. a5+ Kc7 56. Kc4 Rf8 57. b5 axb5+ 58. Kxb5 Rb8+ 59. Kc4 Rh8 60.
Bxg6 Ra8 61. Rg5 Rf6 62. Be4 Rf4 63. h5 Rh8 64. a6 Kb6 65. Rg6+ Ka7 66. h6 Rf7
67. Kd4 Rfh7 68. Rd6 Rxh6 69. Rxh6 Rxh6 70. Bb7 Rf6 71. Ke4 Kb6 72. f4 Kc7 73.
Ke5 Rb6 74. f5 Rb4 75. f6 Rb2 76. Be4 Rb5+ 77. Bd5 Rb8 78. a7 Re8+ 79. Kf5 1-0

[Event "Indywidualne Mistrzostwa Polski Juniorow - C18"]
[Site "Szczyrk"]
[Date "2013-03-17"]
[Round "1.5"]
[White "Gora, Jan"]
[Black "Lewicki, Miroslaw"]
[Result "1-0"]
[WhiteTitle "I"]
[BlackTitle "CM"]
[WhiteElo "1961"]
[BlackElo "2208"]

1. e4 c5 2. a3 e6 3. b4 cxb4 4. axb4 Bxb4 5. Bb2 Nf6 6. e5 Nd5 7. c4 Ne7 8. Na3
Nf5 9. Nc2 Ba5 10. Bd3 Nc6 11. Bxf5 exf5 12. Ne3 d6 13. exd6 O-O 14. c5 f4 15.
Nd5 Qg5 16. Ne7+ Nxe7 17. Rxa5 Nc6 18. Ra3 Qxg2 19. Qf3 Re8+ 20. Re3 Bh3 21. Qxh3
Qxh3 22. Nxh3 fxe3 23. fxe3 b6 24. Rg1 g6 25. Nf4 Nb4 26. c6 Nxc6 27. Nd5 Re6
28. Nc7 Rd8 29. Nxe6 fxe6 30. Ba3 b5 31. Bc5 a5 32. Ke2 Kg7 33. Rc1 Nb8 34. Rb1
Nd7 35. Rxb5 Nxc5 36. Rxc5 Rxd6 37. Rxa5 Kf6 38. d4 Rd5 39. Ra2 g5 40. Kd3 g4
41. Ke4 Rf5 42. h3 gxh3 43. Rh2 Rh5 44. Kf4 Rh4+ 45. Kg3 Kg5 46. Kf3 h5 47. e4
Kf6 48. d5 e5 49. Ke3 Kg5 50. Kd3 Rf4 51. Rxh3 h4 52. Rh1 Rf3+ 53. Ke2 Ra3 54.
d6 Ra8 55. d7 Rd8 56. Rg1+ Kf4 57. Rh1 Kg5 58. Rg1+ Kh6 59. Rg4 Kh5 60. Rg7 h3
61. Kf3 Kh6 62. Re7 Rg8 63. Re6+ Kh7 64. Rxe5 Rd8 65. Re7+ Kg6 66. e5 Ra8 67.
Kg3 Ra3+ 68. Kh2 Rd3 69. Re6+ 1-0

[Event "Indywidualne Mistrzostwa Polski Juniorow - C18"]
[Site "Szczyrk"]
[Date "2013-03-17"]
[Round "1.6"]
[White "Jarmula, Pawel"]
[Black "Kwiatkowski, Wiktor"]
[Result "1-0"]
[WhiteTitle "k"]
[BlackTitle "I"]
[WhiteElo "2197"]
[BlackElo "1949"]

1. e4 c5 2. Nf3 Nc6 3. Bb5 g6 4. Bxc6 dxc6 5. d3 Bg7 6. h3 e5 7. Be3 b6 8. Nc3
Ne7 9. Qd2 O-O 10. Bh6 f6 11. O-O-O Be6 12. Nh2 Qd6 13. Ng4 g5 14. Bxg7 Kxg7 15.
Ne3 b5 16. h4 h6 17. Qe2 a5 18. Qf3 a4 19. Nf5+ Bxf5 20. exf5 a3 21. b3 Qd4 22.
Ne2 Qd7 23. Ng3 Rh8 24. Rh2 Qd4 25. Ne4 Qb2+ 26. Kd2 c4 27. Nc5 cxb3 28. Nxb3
Nd5 29. Rc1 Qc3+ 30. Ke2 e4 31. dxe4 Nf4+ 32. Kf1 Qc4+ 33. Ke1 Rad8 34. hxg5 Rhe8
35. gxf6+ Kf8 36. Nd2 Rxd2 37. Kxd2 Qd4+ 38. Ke1 Rxe4+ 39. Kf1 Qc4+ 40. Kg1 Ne2+
41. Kh1 Nxc1 42. Qxa3+ Qb4 43. Qxb4+ Rxb4 44. Rxh6 Rc4 45. f3 Kf7 46. g4 Ne2 47.
Kh2 Rxc2 48. Kh3 Rc3 49. Kh4 Nd4 50. Kg5 Nxf3+ 51. Kf4 Nd4 52. Rh7+ Kg8 53. f7+
Kf8 54. Ke5 Rg3 55. Ke4 1-0

[Event "Indywidualne Mistrzostwa Polski Juniorow - C18"]
[Site "Szczyrk"]
[Date "2013-03-17"]
[Round "1.7"]
[White "Borawski, Jakub"]
[Black "Musialkiewicz, Pawel"]
[Result "1-0"]
[WhiteTitle "I"]
[BlackTitle "k"]
[WhiteElo "1946"]
[BlackElo "2182"]

1. e4 e6 2. d4 d5 3. Nc3 Nf6 4. e5 Nfd7 5. Nf3 c5 6. dxc5 Nc6 7. Bf4 Bxc5 8. Bd3
f6 9. exf6 Qxf6 10. Bg3 O-O 11. O-O Nd4 12. Nxd4 Bxd4 13. Qh5 g6 14. Qe2 Nc5 15.
Rae1 Nxd3 16. cxd3 Bd7 17. Be5 Bxe5 18. Qxe5 Qxe5 19. Rxe5 Rac8 20. f4 b5 21.
a3 Rfe8 22. Rf2 a5 23. Ne2 Kf7 24. Nd4 Ke7 25. Re1 Kd6 26. Rfe2 Rb8 27. g3 b4
28. axb4 Rxb4 29. Nf3 Reb8 30. Ra1 a4 31. Ra2 Rb3 32. Rd2 R8b4 33. Kf2 Bb5 34.
Ne5 g5 35. Nf7+ Ke7 36. Nxg5 Bxd3 37. Ra3 Rxa3 38. bxa3 Rb3 39. Ra2 h6 40. Nf3
Bb1 41. Ra1 Rb2+ 42. Ke3 Rb3+ 43. Kf2 Bf5 44. Ra2 Kd6 45. Nd4 Rd3 46. Ne2 Kc5
47. Rc2+ Kb5 48. Rc3 Rxc3 49. Nxc3+ Kc4 50. Nxa4 d4 51. Ke2 Kb3 52. Nc5+ Kc2 53.
a4 d3+ 54. Nxd3 Bxd3+ 55. Ke3 Kc3 56. a5 h5 57. h3 Bf1 58. g4 hxg4 59. hxg4 Kb4
60. g5 Kxa5 61. g6 e5 62. f5 Kb6 63. f6 1-0

[Event "Indywidualne Mistrzostwa Polski Juniorow - C18"]
[Site "Szczyrk"]
[Date "2013-03-17"]
[Round "1.8"]
[White "Malec, Sebastian"]
[Black "Jachym, Adam"]
[Result "0-1"]
[WhiteTitle "k"]
[BlackTitle "II+"]
[WhiteElo "2171"]
[BlackElo "1934"]

1. e4 e5 2. Nf3 Nc6 3. Bb5 Nf6 4. d3 Bc5 5. Nc3 d6 6. Na4 Bb6 7. c3 O-O 8. h3 h6
9. O-O Ne7 10. Nxb6 axb6 11. Ba4 Ng6 12. Bc2 Re8 13. a3 c6 14. Be3 b5 15. d4 exd4
16. Qxd4 c5 17. Qd2 Qc7 18. Rad1 Ra6 19. Bf4 Nxe4 20. Bxe4 Rxe4 21. Bxd6 Qc6 22.
Bg3 Be6 23. Qd8+ Kh7 24. Rd6 Qc8 25. Qxc8 Bxc8 26. Rxa6 bxa6 27. Bd6 Re2 28. Re1
Rxb2 29. Bxc5 Bb7 30. Re3 Nf4 31. Bd4 Rb3 32. h4 Rxa3 33. g3 Nd5 34. Rd3 Nb4 35.
Re3 Nc2 0-1

[Event "Indywidualne Mistrzostwa Polski Juniorow - C18"]
[Site "Szczyrk"]
[Date "2013-03-17"]
[Round "1.9"]
[White "Kuspak, Aleksander"]
[Black "Cukrowski, Filip"]
[Result "0-1"]
[WhiteTitle "I"]
[BlackTitle "k"]
[WhiteElo "1926"]
[BlackElo "2163"]

1. e4 c5 2. Nf3 d6 3. d4 cxd4 4. Nxd4 Nf6 5. Nc3 a6 6. Bg5 Nbd7 7. a4 Qc7 8. Be2
b6 9. Nb3 e6 10. O-O Bb7 11. f3 Be7 12. Qd2 O-O 13. Rad1 Rfd8 14. Be3 Nc5 15.
Qe1 d5 16. exd5 Nxd5 17. Nxd5 Bxd5 18. Nxc5 Bxc5 19. Bd3 Bc4 20. Bxc4 Rxd1 21.
Qf2 Rxf1+ 22. Bxf1 Bxe3 23. Qxe3 Qxc2 24. b3 Qc5 25. Qxc5 bxc5 26. Kf2 a5 27.
Bc4 Kf8 28. Ke2 Ke7 29. g3 Rd8 30. f4 Rd4 31. Bd3 g6 32. Ke3 Kd6 33. h3 e5 34.
h4 f5 35. Bc2 exf4+ 36. gxf4 Ke7 37. Bd3 Kf6 38. Be2 h6 39. Bf3 g5 40. hxg5+ hxg5
41. fxg5+ Kxg5 42. Be2 Kf6 43. Bf3 Ke5 44. Be2 f4+ 45. Kf3 Re4 46. Kf2 Re3 47.
Bc4 Rc3 48. Ke2 Rxc4 0-1

[Event "Indywidualne Mistrzostwa Polski Juniorow - C18"]
[Site "Szczyrk"]
[Date "2013-03-17"]
[Round "1.10"]
[White "Nowicki, Bartosz"]
[Black "Knapik, Andrzej"]
[Result "1/2-1/2"]
[WhiteTitle "k"]
[BlackTitle "I"]
[WhiteElo "2156"]
[BlackElo "1913"]

1. e4 e6 2. d4 d5 3. Nd2 Be7 4. Bd3 c5 5. dxc5 Nf6 6. Qe2 Bxc5 7. Ngf3 Nc6 8. O-O
O-O 9. a3 a5 10. e5 Nd7 11. Re1 f5 12. exf6 Nxf6 13. c4 Qb6 14. Nf1 Nd4 15. Nxd4
Bxd4 16. Ne3 Bd7 17. Rb1 a4 18. Bd2 Ne4 19. Bxe4 dxe4 20. Bb4 Rf7 21. Qc2 Bc6
22. Rbd1 e5 23. Rd2 Rc8 24. c5 Qa6 25. b3 Rcf8 26. bxa4 Kh8 27. a5 h6 28. a4 Qa8
29. Ree2 Rxf2 30. Rxf2 Bxe3 31. Qc3 Bxf2+ 32. Rxf2 Rxf2 33. Kxf2 Qf8+ 34. Ke2
Qf4 35. Qg3 Bxa4 36. Bc3 Bb5+ 37. Kd1 Ba4+ 38. Ke2 Bb5+ 39. Kd1 Ba4+ 40. Ke2 1/2-1/2

[Event "Indywidualne Mistrzostwa Polski Juniorow - C18"]
[Site "Szczyrk"]
[Date "2013-03-17"]
[Round "1.11"]
[White "Dzierzak, Radoslaw"]
[Black "Mroziak, Maciej"]
[Result "1/2-1/2"]
[WhiteTitle "I+"]
[BlackTitle "I++"]
[WhiteElo "1912"]
[BlackElo "2149"]

1. e4 e6 2. d4 d5 3. Nd2 Nf6 4. e5 Nfd7 5. Bd3 c5 6. c3 Nc6 7. Ne2 cxd4 8. cxd4
f6 9. exf6 Nxf6 10. O-O Bd6 11. Nf3 O-O 12. Bg5 Qc7 13. Bh4 Nh5 14. Qc2 h6 15.
Bh7+ Kh8 16. Bg6 Rxf3 17. Bxh5 Rf8 18. Bg3 e5 19. dxe5 Bxe5 20. Rad1 Qd6 21. Bf3
Be6 22. Nc3 Bxg3 23. hxg3 Rf5 24. Rfe1 Raf8 25. Nb5 Qb4 26. Rxe6 Qxb5 27. Qc3
d4 28. Qd2 Ne5 29. Qxd4 Nxf3+ 30. gxf3 R5f6 31. Re7 Qg5 32. Qe3 Qg6 33. Qd3 Qg5
34. Qe3 Qg6 35. Qd3 Qg5 36. Qe3 1/2-1/2

[Event "Indywidualne Mistrzostwa Polski Juniorow - C18"]
[Site "Szczyrk"]
[Date "2013-03-17"]
[Round "1.12"]
[White "Tomsia, Kamil"]
[Black "Faron, Rafal"]
[Result "0-1"]
[WhiteTitle "I++"]
[BlackTitle "I"]
[WhiteElo "2141"]
[BlackElo "1894"]

1. d4 Nf6 2. c4 g6 3. g3 Bg7 4. Bg2 d5 5. cxd5 Nxd5 6. Nc3 Nb6 7. e3 O-O 8. Nge2
Nc6 9. O-O e5 10. d5 Na5 11. b3 c6 12. b4 Nac4 13. dxc6 bxc6 14. Bxc6 Bh3 15.
Re1 Rc8 16. b5 Qe7 17. e4 Qf6 18. Qd3 Rfd8 19. Nd5 Rxd5 20. Bxd5 Nxd5 21. exd5
e4 22. Qxe4 Qxa1 23. g4 h5 24. gxh5 Bf5 25. Qh4 Ne5 26. Kg2 Nd3 27. Rd1 Nxc1 28.
hxg6 fxg6 29. d6 Qf6 30. Qxf6 Bxf6 31. Nxc1 Bd7 32. a4 Kf7 33. Nb3 Rc4 34. Re1
Be6 35. Re3 Rg4+ 36. Kf3 Rh4 37. Nc5 Bf5 38. a5 Rc4 39. Na6 Ra4 40. Nb8 Rxa5 41.
Rb3 Be6 42. Rb1 Ra3+ 43. Kf4 g5+ 44. Ke4 Bf5+ 45. Kxf5 Ra4 0-1

[Event "Indywidualne Mistrzostwa Polski Juniorow - C18"]
[Site "Szczyrk"]
[Date "2013-03-17"]
[Round "1.13"]
[White "Grzeskow, Adrian"]
[Black "Stankiewicz, Pawel"]
[Result "0-1"]
[WhiteTitle "I"]
[BlackTitle "k"]
[WhiteElo "1885"]
[BlackElo "2108"]

1. d4 Nf6 2. Nf3 e6 3. c4 b6 4. Nc3 Bb7 5. e3 Bb4 6. Bd2 O-O 7. Be2 Bxc3 8. Bxc3
Ne4 9. Qc2 f5 10. Rd1 d6 11. b4 Qf6 12. Ba1 Qg6 13. O-O a5 14. a3 axb4 15. axb4
Nc6 16. Qb3 Rxa1 17. Rxa1 Nd2 18. Qd1 Nxf1 19. Bxf1 Nxb4 20. Ra7 Be4 21. Nd2 f4
22. Rxc7 fxe3 23. fxe3 Qh6 24. Qb3 Bd3 25. Qxb4 Qxe3+ 26. Kh1 Qxd2 0-1

[Event "Indywidualne Mistrzostwa Polski Juniorow - C18"]
[Site "Szczyrk"]
[Date "2013-03-17"]
[Round "1.14"]
[White "Pietruszewski, Marcin"]
[Black "Dzikowski, Michal"]
[Result "1-0"]
[WhiteTitle "k"]
[BlackTitle "I"]
[WhiteElo "2107"]
[BlackElo "1879"]

1. e4 c6 2. d4 d5 3. e5 c5 4. dxc5 Nc6 5. Bb5 e6 6. Be3 Ne7 7. Nf3 Bd7 8. Bxc6
Bxc6 9. O-O Nf5 10. Bd4 g5 11. c3 h5 12. Na3 g4 13. Ne1 Rg8 14. Nd3 h4 15. b4
g3 16. fxg3 hxg3 17. h3 Bh6 18. Qh5 Rg5 19. Qe2 Rg7 20. Nf4 Qh4 21. Qh5 Qe7 22.
Nxe6 Qxe6 23. Qxf5 Bd7 24. Qxe6+ Bxe6 25. Nb5 Kd7 26. Nd6 Rb8 27. a4 Bg5 28. Rf3
Be7 29. b5 Bxd6 30. exd6 Rg6 31. Re1 a6 32. Ree3 axb5 33. axb5 Rbg8 34. Be5 Rc8
35. Bd4 Rcg8 36. Be5 Rc8 37. Bd4 Rcg8 38. Kf1 Rg5 39. Kg1 R5g6 40. Kf1 Ra8 41.
Rxg3 Ra1+ 42. Kf2 Rb1 43. b6 Rd1 44. Rxg6 fxg6 45. Re2 Rb1 46. Kg3 Rb3 47. Kf4
Ra3 48. Kg5 Ra8 49. Kxg6 Rg8+ 50. Kh7 1-0

[Event "Indywidualne Mistrzostwa Polski Juniorow - C18"]
[Site "Szczyrk"]
[Date "2013-03-17"]
[Round "1.15"]
[White "Kowalczyk, Adam"]
[Black "Szewczyk, Mariusz"]
[Result "1/2-1/2"]
[WhiteTitle "II+"]
[BlackTitle "I++"]
[WhiteElo "1878"]
[BlackElo "2093"]

1. e4 e5 2. Nf3 Nc6 3. Bb5 Nf6 4. O-O Be7 5. Re1 d6 6. h3 O-O 7. c3 Bd7 8. d4 Nxd4
9. Nxd4 exd4 10. Bxd7 Qxd7 11. cxd4 d5 12. e5 Ne4 13. Nc3 Nxc3 14. bxc3 b5 15.
Qd3 c5 16. dxc5 Bxc5 17. Be3 Rac8 18. Rad1 Bxe3 19. Rxe3 Rc5 20. Rg3 Qc7 21. Qd4
g6 22. Rdd3 Rd8 23. Qf4 Re8 24. Rde3 Rc4 25. Qg5 Qe7 26. Qf5 Qe6 27. Qf3 a5 28.
Rg4 Rec8 29. Rxc4 Rxc4 30. Rd3 Re4 31. Qf6 Rxe5 32. Qd8+ Kg7 33. Rd4 Re1+ 34.
Kh2 Qe5+ 35. g3 Re2 36. Rf4 Rxa2 37. Qd7 Qe6 38. Qxb5 g5 39. Rf3 Qe4 40. Kg2 a4
41. Qb6 Qe6 42. Qd4+ f6 43. Re3 Qd7 44. c4 Rc2 45. cxd5 Qf5 46. Rf3 Qe5 47. Qxa4
Rd2 48. Qd7+ Kg6 49. Qd8 Kg7 50. Qd7+ Kg6 51. Qd8 1/2-1/2

[Event "Indywidualne Mistrzostwa Polski Juniorow - C18"]
[Site "Szczyrk"]
[Date "2013-03-17"]
[Round "1.16"]
[White "Zielinski, Maciej"]
[Black "Lopuszanski, Kamil"]
[Result "1/2-1/2"]
[WhiteTitle "I++"]
[BlackTitle "I"]
[WhiteElo "2091"]
[BlackElo "1870"]

1. d4 Nf6 2. c4 e6 3. Nc3 b6 4. Nf3 Be7 5. e4 Bb7 6. d5 O-O 7. Bd3 d6 8. O-O e5
9. Rb1 Nbd7 10. b4 Ne8 11. Qc2 g6 12. Bh6 Ng7 13. Ne2 Bf6 14. Nc1 a5 15. a3 Re8
16. Nb3 Qc8 17. Rfc1 Nh5 18. Be3 Nf4 19. Bf1 axb4 20. axb4 c5 21. dxc6 Qxc6 22.
c5 dxc5 23. bxc5 Rec8 24. Qd2 Nxc5 25. Bxc5 bxc5 26. Nxc5 Rcb8 27. Nxb7 Qxe4 28.
Rb4 Qf5 29. Nd6 Qg4 30. Rxb8+ Rxb8 31. Kh1 Rd8 32. Ne4 Be7 33. Qc2 Qf5 34. Qc4
Nh3 35. gxh3 Qxf3+ 36. Bg2 Qf4 37. Re1 Kg7 38. Qe2 f5 39. Ng3 e4 40. Qe3 Qxe3
41. fxe3 Bc5 42. h4 Rd3 43. Bh3 Kf6 44. Rf1 Ke7 45. h5 Bxe3 46. Nxf5+ gxf5 47.
Bxf5 Rc3 1/2-1/2

[Event "Indywidualne Mistrzostwa Polski Juniorow - C18"]
[Site "Szczyrk"]
[Date "2013-03-17"]
[Round "1.17"]
[White "Adamczewski, Jedrzej"]
[Black "Zochowski, Kacper"]
[Result "1/2-1/2"]
[WhiteTitle "I"]
[BlackTitle "I++"]
[WhiteElo "1861"]
[BlackElo "2083"]

1. e4 c5 2. Nf3 d6 3. d4 cxd4 4. Nxd4 Nf6 5. Nc3 a6 6. Bg5 e6 7. f4 b5 8. e5 dxe5
9. fxe5 Qc7 10. exf6 Qe5+ 11. Qe2 Qxg5 12. Ne4 Qe5 13. O-O-O Bb7 14. Nxb5 axb5
15. fxg7 Qxg7 16. Qd2 Be7 17. Bxb5+ Kf8 18. Qf4 Bxe4 19. Qxe4 Rxa2 20. c3 Ra1+
21. Kc2 Rxd1 22. Kxd1 Qg6 23. Qe5 f6 24. Qxb8+ Kf7 25. Qxh8 Qb1+ 26. Kd2 Qxb2+
27. Kd1 Qb1+ 28. Kd2 Qb2+ 29. Kd1 Qb3+ 30. Kd2 Qb2+ 31. Kd1 Qb3+ 32. Kd2 Qb2+
33. Kd1 Qb1+ 34. Kd2 Qb2+ 35. Kd1 Qb3+ 36. Kd2 Qb2+ 37. Kd1 Qb3+ 38. Kd2 Qb2+
39. Kd1 Qb1+ 40. Kd2 Qb2+ 1/2-1/2

[Event "Indywidualne Mistrzostwa Polski Juniorow - C18"]
[Site "Szczyrk"]
[Date "2013-03-17"]
[Round "1.18"]
[White "Poswiatowski, Michal"]
[Black "Worobiej, Daniel"]
[Result "1-0"]
[WhiteTitle "I+"]
[BlackTitle "I"]
[WhiteElo "2076"]
[BlackElo "1859"]

1. e4 e5 2. Nf3 Nc6 3. Bb5 a6 4. Ba4 Nf6 5. Bxc6 dxc6 6. d3 Bd6 7. Nbd2 O-O 8.
Nc4 Re8 9. O-O c5 10. a4 b6 11. b3 Bg4 12. Bg5 h6 13. Bh4 Re6 14. Ne3 Bh5 15.
h3 g5 16. Bg3 Bg6 17. Re1 Nh5 18. Ng4 Nxg3 19. fxg3 Kg7 20. Ne3 c6 21. g4 Bc7
22. Nh2 b5 23. Nf5+ Bxf5 24. gxf5 Re8 25. Qh5 Rh8 26. Ng4 c4 27. f6+ 28. Kf8 29.
Rf1 Ra7 30. Nxh6 Bb6+ 31. Kh1 Be3 32. Nxf7 Rxh5 33. Nxd8 cxd3 34. cxd3 g4 35.
Nxc6 Rc7 36. axb5 g3 37. Rxa6 Rd7 38. Ra8+ Kf7 39. Nd8+ 1-0

[Event "Indywidualne Mistrzostwa Polski Juniorow - C18"]
[Site "Szczyrk"]
[Date "2013-03-17"]
[Round "1.19"]
[White "Prominski, Piotr"]
[Black "Paszewski, Mateusz"]
[Result "0-1"]
[WhiteTitle "I"]
[BlackTitle "I++"]
[WhiteElo "1834"]
[BlackElo "2065"]

1. e4 c5 2. Nf3 Nc6 3. d4 cxd4 4. Nxd4 g6 5. c4 Bg7 6. Nc2 Nf6 7. Nc3 O-O 8. Be2
d6 9. O-O Nd7 10. Bd2 a5 11. Na3 Nc5 12. Bf3 a4 13. Nab5 Be6 14. Qe2 Ne5 15. Nd5
Nxf3+ 16. Qxf3 Bxb2 17. Rab1 Bg7 18. Rfe1 Rc8 19. Bg5 Re8 20. Qd1 h6 21. Be3 Bxd5
22. exd5 Qb6 23. Qg4 Qd8 24. Na7 Ra8 25. Nb5 Nd3 26. Red1 Ne5 27. Qh4 Rc8 28.
Rdc1 Qd7 29. Na7 g5 30. Qg3 Rxc4 31. Bb6 Qf5 0-1

[Event "Indywidualne Mistrzostwa Polski Juniorow - C18"]
[Site "Szczyrk"]
[Date "2013-03-17"]
[Round "1.20"]
[White "Kanarkiewicz, Michal"]
[Black "Klimek, Marcin"]
[Result "0-1"]
[WhiteTitle "I"]
[BlackTitle "I"]
[WhiteElo "2056"]
[BlackElo "1819"]

1. e4 e6 2. d4 d5 3. Nc3 Bb4 4. e5 c5 5. a3 Bxc3+ 6. bxc3 Ne7 7. Qg4 O-O 8. Bd3
f5 9. exf6 Rxf6 10. Bg5 Rf7 11. Qh5 g6 12. Qd1 Qa5 13. Bd2 c4 14. Be2 Nbc6 15.
Nf3 Qc7 16. Ng5 Rg7 17. f4 Nf5 18. O-O Bd7 19. Re1 Rc8 20. Bg4 Nd8 21. Qe2 Ba4
22. Ra2 Re7 23. Rb2 Qd6 24. Ra2 Nf7 25. Nf3 Qc7 26. Ne5 N7d6 27. Rb1 Ne4 28. Be1
Rf8 29. Bf3 Nfd6 30. g3 Rg7 31. h4 b5 32. Rab2 Qd8 33. Kh2 h5 34. Bg2 Qf6 35.
Nf3 Nf5 36. Ng5 Nxg5 37. fxg5 Qe7 38. Bd2 Rgf7 39. Qe5 Ng7 40. Bf4 Qxa3 41. Qe1
Rxf4 42. gxf4 Rxf4 43. Rb4 a5 44. Ra1 Qxa1 45. Qxa1 Rxh4+ 46. Bh3 axb4 47. cxb4
Bxc2 48. Kg3 Re4 49. Qa8+ Kh7 50. Qb7 Re3+ 51. Kh2 Ba4 52. Bf1 c3 53. Qc7 c2 54.
Bxb5 Re1 55. Bd3 c1=Q 56. Qe7 Qd2+ 57. Kh3 Re3+ 0-1

[Event "Indywidualne Mistrzostwa Polski Juniorow - C18"]
[Site "Szczyrk"]
[Date "2013-03-17"]
[Round "1.21"]
[White "Gabryjalowicz, Jakub"]
[Black "Lapaj, Mateusz"]
[Result "1/2-1/2"]
[WhiteTitle "I"]
[BlackTitle "I++"]
[WhiteElo "1779"]
[BlackElo "2044"]

1. e4 e6 2. d4 d5 3. exd5 exd5 4. Bd3 Bd6 5. Nf3 Bg4 6. O-O Nc6 7. Re1+ Nge7 8.
c3 Qd7 9. b4 O-O 10. Nbd2 Bf5 11. Nb3 Ng6 12. b5 Nce7 13. Ne5 Bxe5 14. dxe5 b6
15. Nd4 Bxd3 16. Qxd3 a6 17. f4 Nh4 18. Ba3 axb5 19. Bxe7 Qxe7 20. Qg3 c5 21.
f5 f6 22. Qxh4 cxd4 23. Qxd4 Qc5 24. e6 Ra4 25. Qxc5 bxc5 26. Rad1 d4 27. cxd4
cxd4 28. Re4 Rd8 29. Rd2 Rc4 30. Kf2 g6 31. g4 gxf5 32. gxf5 Rc5 33. Rf4 Kf8 34.
Kf3 Ke7 35. Ke4 d3 36. Ke3 Re5+ 37. Kf3 Rdd5 38. Kg2 Rxf5 39. Rxf5 Rxf5 40. Rxd3
Kxe6 41. Rd4 Rc5 42. Rb4 Kf5 43. a4 bxa4 44. Rxa4 Kg5 45. Ra3 Rc2+ 46. Kg3 Rc4
47. Ra7 Rc3+ 48. Kg2 h5 49. Ra5+ f5 50. Rb5 Kf4 51. Rb4+ Ke3 52. Kg3 Rd3 53. Rf4
Rd5 54. h3 h4+ 55. Rxh4 Rd8 56. Ra4 1/2-1/2

[Event "Indywidualne Mistrzostwa Polski Juniorow - C18"]
[Site "Szczyrk"]
[Date "2013-03-17"]
[Round "1.22"]
[White "Adamowicz, Maciej"]
[Black "Moszczenski, Milosz"]
[Result "1-0"]
[WhiteTitle "I++"]
[BlackTitle "I"]
[WhiteElo "2042"]
[BlackElo "1754"]

1. c4 f5 2. g3 Nf6 3. Bg2 e5 4. d3 Bb4+ 5. Bd2 Qe7 6. a3 Bxd2+ 7. Qxd2 c5 8. Nc3
d6 9. b4 Nbd7 10. Nf3 O-O 11. O-O Nb6 12. Ne1 Be6 13. Rb1 d5 14. cxd5 Nfxd5 15.
Nxd5 Nxd5 16. bxc5 Qxc5 17. Rxb7 Qxa3 18. Nf3 Qd6 19. Qa5 Bc8 20. Rxa7 Rxa7 21.
Qxa7 Nc3 22. Qe3 f4 23. Qd2 Nb5 24. Ng5 Qg6 25. Bd5+ Kh8 26. Qb4 Nd6 27. Nf7+
Rxf7 28. Bxf7 Qxf7 29. Qxd6 Qe6 30. Qb8 1-0

[Event "Indywidualne Mistrzostwa Polski Juniorow - C18"]
[Site "Szczyrk"]
[Date "2013-03-17"]
[Round "1.23"]
[White "Mikolajczak, Wojciech"]
[Black "Jaskolka, Tomasz"]
[Result "0-1"]
[WhiteTitle "II+"]
[BlackTitle "I++"]
[WhiteElo "1740"]
[BlackElo "2038"]

1. c4 e5 2. Nc3 Nc6 3. g3 f5 4. Bg2 Nf6 5. d3 Bb4 6. Bd2 Bxc3 7. Bxc3 d6 8. Nf3
O-O 9. O-O h6 10. c5 Be6 11. b3 Qe8 12. cxd6 cxd6 13. Bb2 Qh5 14. Nd2 f4 15. Ne4
Ng4 16. h3 Nf6 17. e3 Qxd1 18. Rfxd1 fxe3 19. fxe3 Nd5 20. Nxd6 Nxe3 21. Rd2 Nxg2
22. Kxg2 Bd5+ 23. Ne4 Rad8 24. Bc3 b5 25. Rad1 Rf7 26. Kh2 Rf3 27. Nc5 Nd4 28.
Bxd4 exd4 29. Re1 Rdf8 30. Ree2 Re3 31. Ne4 Rff3 32. Rxe3 Rxe3 33. Nd6 h5 34.
Nxb5 Re1 35. Rg2 Bxg2 36. Kxg2 Re3 37. Nxd4 Rxd3 38. Nc6 Rd2+ 39. Kf3 Rxa2 40.
b4 Kf7 41. Kf4 Ra3 42. h4 Ke6 43. Nd4+ Kf6 44. Nc6 a6 45. Nd4 Rd3 46. Nc6 Rd6
47. Nb8 Ke7 48. Kg5 Rb6 49. Nxa6 Rxa6 50. Kxh5 Rb6 51. g4 Kf7 52. g5 g6+ 53. Kg4
Rxb4+ 0-1

[Event "Indywidualne Mistrzostwa Polski Juniorow - C18"]
[Site "Szczyrk"]
[Date "2013-03-17"]
[Round "1.24"]
[White "Eggink, Mateusz"]
[Black "Budnik, Mateusz"]
[Result "1-0"]
[WhiteTitle "I"]
[BlackTitle "II+"]
[WhiteElo "2035"]
[BlackElo "1701"]

1. e4 c5 2. Nf3 Nc6 3. d4 cxd4 4. Nxd4 g6 5. c4 Bg7 6. Be3 Nf6 7. Nc3 d6 8. Be2
O-O 9. O-O Bd7 10. f3 Qb6 11. Ncb5 Nxd4 12. Bxd4 Qa5 13. Nc3 Bc6 14. Rb1 Qc7 15.
Qd2 b6 16. Rfc1 Rac8 17. b4 Nd7 18. Be3 Rfd8 19. a4 Bxc3 20. Qxc3 Bxa4 21. b5
Nc5 22. Qb4 a6 23. Ra1 axb5 24. cxb5 Ra8 25. Rxa4 Rxa4 26. Qxa4 Qb7 27. Qc4 Ra8
28. Bd1 Ra3 29. Bh6 Qb8 30. Qd4 e5 31. Qd5 Rd3 32. Qc6 Ra3 33. Be2 Qd8 34. Bc4
Ne6 35. Bxe6 fxe6 36. Qb7 Ra1 37. Qg7# 1-0